000 00556 a2200181 4500
020 _a0387953302
020 _a9780387953304
082 0 4 _a530.12
090 _c749
_d749
100 1 _aBohm, Arno.
245 1 0 _aQuantum mechanics/springer study edition /
_cArno Bohm.
250 _a3rd ed.
260 _a[S.l.] :
_bSpringer,
_c1993.
300 _a708 p. ;
_c24 cm.
700 _aBohm, Arno.
942 _aSNS
_cBK
_k530.12 BOH
999 _c29376
_d29376